000
00375nam a2200169Ia 4500
008
220531s9999 xx 000 0 und d
041
_a
eng
082
_b
LAL
100
_a
Lall Ramji
_9
42099
245
_a
Shelly
260
_b
Rama
_c
1999
300
_a
135
542
_d
10-07-2000
650
_a
English
_9
42100
906
_d
2000-2001
_f
7498
999
_c
25134
_d
25134